| 000 | 00531nam a2200181Ia 4500 | ||
|---|---|---|---|
| 003 | IN-BaIIA | ||
| 008 | 211028s9999 xx 000 0 eng d | ||
| 040 | _cIIA Library | ||
| 080 |
_a(035)621 _bBAU |
||
| 245 | 0 |
_aStandard Handbook for Mechanical Engineers _cedited by Theodore Baumeister |
|
| 250 | _a7th ed. | ||
| 260 |
_aNew York _bMcGraw-Hill _c1967 |
||
| 300 | _a[various pagings.] | ||
| 650 |
_aMechanical Engineering Handbooks _95455 |
||
| 650 | _aNASA Thesaurus | ||
| 700 |
_aBaumeister, Theodore., ed _99755 |
||
| 942 | _cBK | ||
| 999 |
_c5621 _d5621 |
||